LEADER 01196nam a2200289 u 4500 001 000000048468 003 CaOOAMICUS 005 20070226115013.0 008 000505s1985 it af u000 u ita u 020 $a8870160254 035 $a10846920 040 $aEFR$bita$dPUL(R) 100 1 $aLandi, Aldo.$0(OLS)http://pul/name/35184 245 13$aIl Papa deposto (Pisa 1409) :$bl'idea conciliare nel Grande Scisma /$cAldo Landi. 260 $aTorino :$bClaudiana,$c1985. 300 $a332 p., 14 p. di tav. :$bill. ;$c25 cm 490 1 $aStudi Storici 504 $a"Fonti e testi consultati": p. 237-253. 650 4$aScisma d'Occidente, 1378-1417.$0(OLS)http://pul/subject/1199 830 0$aStudi storici (Claudiana).$0(OLS)http://pul/title/4914 850 $aPUL 852 $aPUL$W1$xSL Filosofia 1$y2$m110 D 25$j64579$nBK-PRI$b $qStampati$B64579$CPULBib$Z2$F64579 $H $81 941 1 $a8 961 $aINV: 55187 996 $6020$a8870160254$9(OLS)http://pul/number/60936 996 $6245$aIl Papa deposto (Pisa 1409) :$bl'idea conciliare nel Grande Scisma$9(OLS)http://pul/title/65266 996 $6260$aTorino :$bClaudiana$9(OLS)http://pul/publisher/48072 LEADER 01423nam a2200325 a 4500 001 000000154136 003 CaOOAMICUS 005 20160921110758.0 008 160921s1995 it u000 u ita r 020 $a8814051763* 032 $aLibriCat 040 $aPUL$bita 245 00$aCodice del diritto allo studio negli istituti di istruzione confessionali /$ca cura di Fortunato Freni. 260 $aMilano :$bGiuffrè,$c©1995. 300 $aXV, 751 p. ;$c20 cm. 500 $aIn testa al front.: CESEN - Centro studi sugli enti ecclesiastici. 500 $aContiene indici. 504 $aBibliografia in nota. 650 4$aUniversità cattoliche$xLegislazione.$0(OLS)http://pul/subject/43698 650 4$aScuole cattoliche$zItalia.$0(OLS)http://pul/subject/2959 700 1 $aFreni, Fortunato.$0(OLS)http://pul/name/97668 710 2 $aCESEN (Centro studi sugli enti ecclesiastici).$0(OLS)http://pul/name/27163 850 $aPUL 852 $aPUL$W1$xDP1 Fondo G. Barberini$y122$m4 E 73$j177191$qFondi$B180115$CPULBib$Z2$F180115 $HBar1266 $81 941 1 $a1 961 $aDedica autografa dell?autore. 996 $6020$a8814051763*$9(OLS)http://pul/number/161105 996 $6245$aCodice del diritto allo studio negli istituti di istruzione confessionali$9(OLS)http://pul/title/193727 996 $6260$aMilano :$bGiuffrè$9(OLS)http://pul/publisher/48401